000 00659na a2200241 4500
001 17634
003 MIRAKIL
005 20181213154931.0
008 161031b tu 000 0
020 _a9759556103
040 _aMilas
_btur
_cTR-AnCHP
041 _atur
082 _a330.952
_bS22z [t.y.]
090 _a330.952 S22z [t.y.]
100 _aSadıklar, C. Tayyar
245 _aZirvedeki Japonya
_cC. Tayyar Sadıklar
260 _aAnkara
_bMeteksan Anonim Şirketi
_c[t.y.]
300 _aix, 289 s.
_btbl.
_c24 sm.
504 _aKaynakça var.
650 _aEkonomi
_zJaponya
651 _aJaponya
_xSosyal ve ekonomik yapı
942 _2ddc
_cBKS
999 _c3445
_d3445